Central Library OPAC University of Rajshahi

Education in the Democratic People's Republic of Korea / (Record no. 61667)

MARC details
000 -LEADER
fixed length control field 00620nam a2200205 a 4500
001 - CONTROL NUMBER
control field 61667
003 - CONTROL NUMBER IDENTIFIER
rucl marc code BD-RjUL
005 - DATE AND TIME OF LATEST TRANSACTION
control field 20211209081005.0
008 - FIXED-LENGTH DATA ELEMENTS--GENERAL INFORMATION
fixed length control field 170121s1986 ko af 000 0 eng
035 ## - SYSTEM CONTROL NUMBER
System control number (BD-RjUL)61791
040 ## - CATALOGING SOURCE
Original cataloging agency DLC
Transcribing agency DLC
Modifying agency BD-RjUL
Language of cataloging eng
041 ## - LANGUAGE CODE
Language code of text/sound track or separate title eng
082 ## - DEWEY DECIMAL CLASSIFICATION NUMBER
Edition number 23
Classification number 370.95193
Author mark and year BOE 1986
100 1# - MAIN ENTRY--PERSONAL NAME
Personal name Bok. Li, Yong
9 (RLIN) 183676
245 10 - TITLE STATEMENT
Title Education in the Democratic People's Republic of Korea /
Statement of responsibility, etc. Li Yong Bok.
260 ## - PUBLICATION, DISTRIBUTION, ETC. (IMPRINT)
Place of publication, distribution, etc. Pyongyang, Korea :
Name of publisher, distributor, etc. Foreign Languages Pub. House,
Date of publication, distribution, etc. 1986.
300 ## - PHYSICAL DESCRIPTION
Pagination 91 p. :
Illustrations ill. ;
Size 19 cm.
650 ## - SUBJECT ADDED ENTRY--TOPICAL TERM
Topical term or geographic name as entry element Education -- Korea (North)
9 (RLIN) 183677
942 ## - ADDED ENTRY ELEMENTS (KOHA)
Source of classification or shelving scheme Dewey Decimal Classification
Koha item type Books
Holdings
Lost status Source of classification or shelving scheme Damaged status Not for loan Collection code Permanent Location Current Location Shelving location Date acquired Source of acquisition Total Checkouts Full call number Date last seen Copy number Koha item type
  Dewey Decimal Classification   Not For Loan Non-fiction Central Library, University of Rajshahi Central Library, University of Rajshahi Reading Room 16/07/1991 Shamsun Lahar   370.95193 BOE 1986 21/01/2017 C-1 Books